1973年7月の臨時急行みやこ下り停車駅 - Statistics

General Stats
  • This quiz has been taken 57 times
  • The average score is 14 of 17
Answer Stats
発時刻 駅名 % Correct
210 仙台
100%
2010 上野
98%
2155 水戸
98%
2321
95%
327 一ノ関
95%
445 花巻
95%
831着 宮古
95%
2104 土浦
91%
2225 日立
91%
035 原ノ町
89%
402 北上
84%
701 釜石
82%
545 遠野
77%
725 大槌
55%
750 陸中山田
55%
517 宮守
41%
621 陸中大橋
39%
No matching quizzes found
Score Distribution
Percent of People with Each Score
Percentile by Number Answered
Your Score History
You have not taken this quiz